| 000 | 00506nam a2200205 4500 | ||
|---|---|---|---|
| 003 | LK-CoMWRAF | ||
| 005 | 20240103120009.0 | ||
| 008 | 230906b2005 |||||||| |||| 00| 0 eng d | ||
| 020 | _a8129707136 | ||
| 040 |
_aLK-CoMWRAF _dLK-CoMWRAF _eLK-CoMWRAF |
||
| 041 | _aeng | ||
| 082 |
_a823 _bSWA |
||
| 100 | _aSwan, D. K. | ||
| 110 | _aSewell, Anna | ||
| 245 | _aBlack beauty | ||
| 260 |
_aIndia : _bPearson education, _c2005 |
||
| 650 | _aChildren story | ||
| 700 |
_aAmbrus, Victor _eills. |
||
| 942 | _cBK | ||
| 999 |
_c3438 _d3438 |
||